02066nab a2200253uuc45000010008000000030004000080050017000120080041000290350012000700350021000820400013001030410008001161000041001242450132001655201128002976500023014256500039014486500037014876500029015247000040015537000040015937000048016337730131016811233368OSt20241119092336.0110225e20100701 spa  a1233368 a(OCoLC)820576318 ccomduadb aspa10aSoler Sarradell, Juan Jose4auteaut10aValidez de criterio y confiabilidad del "Four by One Day Physical Activity Questionnaire" en población adolescente española3 aEn este trabajo se ha realizado un estudio de confiabilidad y validez del cuestionario "Four by One-Day Physical Activity Questionnaire" en 37 sujetos de (13,6 ± 1,13) años. Para validarlo, comparamos el gasto energético medio diario en METs, derivado de las actividades moderadas o vigorosas, obtenido mediante el cuestionario, con la media de pasos diarios y con los minutos registrados en diferentes límites de FC, que corresponden a actividades de carácter moderado o vigoroso. Los valores obtenidos en test-retest oscilan entre r=0,84 y r=0,93 (p<0,05), para las diferentes tipologías de cuestionarios. Este cuestionario está modesto pero significativamente correlacionado (p=0,01) con los minutos por encima del 50% de la frecuencia cardiaca de reserva (r=0,578), con los minutos por encima del 60% del índice cardiaco máximo (r=0,596), con los minutos por encima de 140 pul/min (r=0,625) y con los pasos medios diarios (r=0,672). Los resultados obtenidos demuestran que este cuestionario puede ser una medida válida y fiable para conocer los niveles de AF de la población adolescente española. 0aActividad física aEducación fisica en adolescentes aEjercicio fisico en adolescentes aEstudios de validación10aGenerelo Lanaspa, Eduardo4auteaut10aZaragoza Casterad, Javier4auteaut10aJulián Clemente, José Antonio4auteaut0 tApunts : Educación Física y Deportes (Barcelona)gNúmero 101, Julio-Septiembre 2010, p. 19-24w954005x1577-40150374293